Loading...
| Current Events | 3 | 13.33 | 100% | 67% | 0% |
| Fine Arts - Classical Music | 5 | 8.00 | 80% | 20% | 20% |
| Fine Arts - Other Fine Arts | 7 | 14.29 | 100% | 43% | 0% |
| Fine Arts - Painting & Sculpture | 8 | 13.75 | 100% | 25% | 13% |
| Geography | 1 | 10.00 | 100% | 0% | 0% |
| History - American History | 7 | 18.57 | 100% | 71% | 14% |
| History - European History | 9 | 13.33 | 100% | 33% | 0% |
| History - Other History | 10 | 10.00 | 80% | 20% | 0% |
| History - World History | 8 | 10.00 | 88% | 13% | 0% |
| Literature - American Literature | 5 | 14.00 | 100% | 20% | 20% |
| Literature - British Literature | 5 | 14.00 | 100% | 40% | 0% |
| Literature - European Literature | 7 | 14.29 | 100% | 29% | 14% |
| Literature - World Literature | 7 | 12.86 | 100% | 29% | 0% |
| Mythology | 4 | 12.50 | 100% | 25% | 0% |
| Other Academic | 6 | 13.33 | 67% | 67% | 0% |
| Philosophy | 8 | 8.75 | 75% | 13% | 0% |
| Religion | 7 | 15.71 | 100% | 43% | 14% |
| Science - Biology | 7 | 12.86 | 100% | 29% | 0% |
| Science - Chemistry | 8 | 16.25 | 100% | 50% | 13% |
| Science - Other Science | 4 | 20.00 | 100% | 100% | 0% |
| Science - Physics | 5 | 14.00 | 100% | 40% | 0% |
| Social Science | 6 | 13.33 | 83% | 50% | 0% |